| 000 | 00731nam a22002297a 4500 | ||
|---|---|---|---|
| 003 | 0 | ||
| 005 | 20250124153734.0 | ||
| 008 | 250124b xxu||||| |||| 00| 0 eng d | ||
| 020 | _a978-1-394-21324-5 | ||
| 050 |
_aQA 76.9 _b.C74 2024 |
||
| 100 | _aCremonini, Marco | ||
| 245 |
_aData science fundamentals with R, python, and open data _c Marco Cremonini |
||
| 260 |
_aNew Jersey _bJohn Wiley & Sons _c2024 |
||
| 300 |
_axxii, 455 pages ; _c24cm. |
||
| 504 | _aIncludes bibliographical references and index. | ||
| 650 | _aData science. | ||
| 650 | _aStatistical computing. | ||
| 650 | _aMachine learning. | ||
| 650 | _aR (Computer program language). | ||
| 650 | _aPython (Computer program language). | ||
| 942 |
_2lcc _cBK |
||
| 999 |
_c367056 _d367056 |
||